The Sue Grafton GHI gift collection [sound recording].
Three mysteries featuring Kinsey Millhone.
Record details
- ISBN: 0739332287
- ISBN: 9780739332283
- Physical Description: 9 sound discs (approximately 9 hr.) : digital ; 4 3/4 in.
- Publisher: New York : Random House Audiobooks, [p2005]
Content descriptions
| Formatted Contents Note: | "G" is for gumshoe -- "H" is for homicide -- "I" is for innocent. |
| Participant or Performer Note: | Read by Judy Kaye. |
Search for related items by subject
| Subject: | Millhone, Kinsey (Fictitious character). Women private investigators > Fiction. Women detectives > Fiction. Audiobooks. California > Fiction. |
| Genre: | Mystery fiction. |
Available copies
- 1 of 1 copy available at scottsboropl.
Holds
- 0 current holds with 1 total copy.
Show Only Available Copies
| Location | Call Number / Copy Notes | Barcode | Shelving Location | Status | Due Date |
|---|---|---|---|---|---|
| scottsboropl | BK/CD Gra | 32269000862782 | Adult - Audiobook | Available | - |
| LDR | 01543cim a2200445Ma 4500 | ||
|---|---|---|---|
| 001 | 132688 | ||
| 003 | CONS | ||
| 005 | 20140703073307.0 | ||
| 007 | sd fungnnmmned | ||
| 008 | 060413s2005 nyunnnn f n eng d | ||
| 020 | . | ‡a0739332287 | |
| 020 | . | ‡a9780739332283 | |
| 028 | 0 | 2. | ‡aRHCD 913 ‡bRandom House Audio |
| 035 | . | ‡a(CPomAG)LMN504324 | |
| 043 | . | ‡an-us-ca | |
| 050 | 4. | ‡aPS3557.R13 ‡bA6 2005c | |
| 082 | 0 | 4. | ‡a813/.54 ‡222 |
| 100 | 1 | . | ‡aGrafton, Sue. |
| 245 | 1 | 4. | ‡aThe Sue Grafton GHI gift collection ‡h[sound recording]. |
| 246 | 3 | 0. | ‡aGHI gift collection |
| 246 | 3 | 4. | ‡aSue Grafton gift collection |
| 260 | . | ‡aNew York : ‡bRandom House Audiobooks, ‡c[p2005] | |
| 300 | . | ‡a9 sound discs (approximately 9 hr.) : ‡bdigital ; ‡c4 3/4 in. | |
| 520 | . | ‡aThree mysteries featuring Kinsey Millhone. | |
| 505 | 0 | . | ‡a"G" is for gumshoe -- "H" is for homicide -- "I" is for innocent. |
| 511 | 0 | . | ‡aRead by Judy Kaye. |
| 650 | 0. | ‡aMillhone, Kinsey (Fictitious character). | |
| 650 | 0. | ‡aWomen private investigators ‡vFiction. | |
| 650 | 0. | ‡aWomen detectives ‡vFiction. | |
| 650 | 0. | ‡aAudiobooks. | |
| 651 | 0. | ‡aCalifornia ‡vFiction. | |
| 655 | 7. | ‡aMystery fiction. ‡2gsafd | |
| 700 | 1 | . | ‡aKaye, Judy, ‡enarrator. |
| 710 | 2 | . | ‡aRandom House Audio Publishing |
| 740 | 0 | 2. | ‡aG is for gumshoe. |
| 740 | 0 | 2. | ‡aH is for homicide. |
| 740 | 0 | 2. | ‡aI is for innocent. |
| 914 | . | ‡aSCP_ds ‡dLMN_cm | |
| 959 | . | ‡i32269000862782 ‡lBK/CD Gra ‡aAdult - Audiobook ‡tAudiobook ‡g29.95 | |
| 852 | . | ‡p32269000862782 ‡jBK/CD Gra ‡gAdult - Audiobook ‡cAudiobook ‡y29.95 ‡bSBPL | |
| 901 | . | ‡a132688 ‡bUnknown ‡c132688 ‡tbiblio | |